000 01454naa a22004097a 4500
001 BR7602390
003 BR-BrBNA
005 20240918173820.0
007 ta
008 230509b bl.||||| |||| 00| 0 por d
040 _aBR-BrBNA
_bpor
_cBiblioteca Nacional de Agricultura
041 _a(Pt)
072 _aF60; P12
_b1740
_b1850
_bG514
090 _aF60 BR7602390
100 1 _aSouza, F.O. de
100 1 _aSilva, M.A. da
100 1 _aKdman, D.C.
111 1 _a3. Seminario Nacional de Irrigacao e Drenagem
_cFortaleza, CE (Brazil)
_d16 Nov 1975
245 1 _aDeterminacao do uso consuntivo da cebola e tomate pelo metodo gravimetrico e empirico [Allium cepa; Lycopersicum esculentum; Bioquimica vegetal; Irrigacao; Sub-Medio Sao Francisco; Brasil]
260 3 _aFortaleza, CE (Brasil):
_c1976.
500 _aAnais do 3. Seminario Nacional de Irrigacao e Drenagem Fortaleza, CE (Brasil): 1976. p. 111 (BR7602390-AM)F60
650 _aBioquimica vegetal
650 _aIrrigacao
650 _aCebola
650 _aTomate
650 _aAbsorcao
650 _aAgua
650 _aBalanco hidrico
650 _aEvapotranspiracao
650 _aTranspiracao vegetal
650 _aEvaporacao
650 _aRendimento
650 _aUmidade
773 0 _tAnais do 3. Seminario Nacional de Irrigacao e Drenagem
_b
_wF60 BR7602390
_gFortaleza, CE (Brasil), 1976. p. 111
909 _a202404
_bLucia
_c55
_dLucia Elande
942 _cAM
_2AGRIS
999 _c307093
_d307093